| 000 | 00629nam a2200205Ia 4500 | ||
|---|---|---|---|
| 005 | 20220309113111.0 | ||
| 008 | 210716s2005 xx 000 0 und d | ||
| 020 | _a8178814935 | ||
| 040 | _cAIMIT LIBRARY | ||
| 041 | _aeng | ||
| 082 |
_a658.87 _21 _bGOPV |
||
| 100 |
_aGopal, V V ed. _923144 |
||
| 245 |
_aRetail management : _ban introduction. _cEdited by V V Gopal. |
||
| 250 | _a1st ed. | ||
| 260 |
_aHyderabad : _bICFAI University Press , _c2005. |
||
| 300 |
_aVii, 204p. ; _c23.cm. |
||
| 650 |
_aProfessionalism in retail management _923145 |
||
| 650 |
_aDiscount retailing _923146 |
||
| 942 |
_2ddc _cBK _e1st _k658.87 GOPV |
||
| 999 |
_c199659 _d199659 |
||